An inquiry into the human prospect

保存先:
書誌詳細
第一著者: Heilbroner, Robert L.
フォーマット: 図書
言語:Undetermined
出版事項: New York Norton 1974
主題:
タグ: タグ追加
タグなし, このレコードへの初めてのタグを付けませんか!
Thư viện lưu trữ: Trung tâm Học liệu Trường Đại học Cần Thơ
LEADER 00533nam a2200193Ia 4500
001 CTU_89696
008 210402s9999 xx 000 0 und d
082 |a 909.82 
082 |b H466 
100 |a Heilbroner, Robert L. 
245 3 |a An inquiry into the human prospect 
245 0 |c Robert L. Heilbroner 
260 |a New York 
260 |b Norton 
260 |c 1974 
650 |a Civilization, modern,Regression (Civilization) 
650 |y 1950- 
904 |i Nguyên 
980 |a Trung tâm Học liệu Trường Đại học Cần Thơ